| Tag |
First Indicator |
Second Indicator |
Subfields |
| LEADER |
00000cam a2200000 a 4500 |
| 001 |
in00001362421 |
| 005 |
20190325093318.0 |
| 006 |
m o d |
| 007 |
cr nn||||||||| |
| 008 |
970514s1997 gw a ob 101 0 eng |
| 010 |
|
|
|a 97020662
|
| 015 |
|
|
|a GB9748998
|2 bnb
|
| 016 |
7 |
|
|a 011013894
|2 Uk
|
| 019 |
|
|
|a 37398633
|
| 020 |
|
|
|a 3540630953
|q (pbk. : alk. paper)
|
| 020 |
|
|
|a 9783540630951
|q (pbk. : alk. paper)
|
| 035 |
|
|
|a (OCoLC)ocm37141104
|
| 035 |
|
|
|a (OCoLC)37141104
|
| 035 |
|
|
|9 AHK1939AM
|
| 035 |
|
|
|a (OCoLC)37141104
|z (OCoLC)37398633
|
| 040 |
|
|
|a DLC
|b eng
|c DLC
|d UKM
|d UBA
|d BAKER
|d NLGGC
|d YDXCP
|d BTCTA
|d LVB
|d C$Q
|d OCLCQ
|d MBB
|d UAB
|d DEBBG
|d ZWZ
|d GW5XE
|d OCLCQ
|d BDX
|d UKMGB
|d OCLCF
|d OCLCA
|d OCLCQ
|d OCLCO
|d UtOrBLW
|
| 049 |
|
|
|a TXAM
|
| 050 |
0 |
0 |
|a Q339.25
|b .I58 1997
|
| 050 |
1 |
4 |
|a QA76
|b .L4 no. 1244
|
| 082 |
0 |
0 |
|a 006.3/33
|2 21
|
| 084 |
|
|
|a 54.72
|2 bcl
|
| 084 |
|
|
|a 27
|2 sdnb
|
| 084 |
|
|
|a 28
|2 sdnb
|
| 084 |
|
|
|a DAT 706f
|2 stub
|
| 084 |
|
|
|a DAT 716f
|2 stub
|
| 084 |
|
|
|a SS 1997
|2 rvk
|
| 084 |
|
|
|a SS 4800
|2 rvk
|
| 111 |
2 |
|
|a International Joint Conference on Qualitative and Quantitative Practical Reasoning
|n (1st :
|d 1997 :
|c Bad Honnef, Germany)
|
| 245 |
1 |
0 |
|a Qualitative and quantitative practical reasoning :
|b first International Joint Conference on Qualitative and Quantitative Practical Reasoning ECSQARU-FAPR'97, Bad Honnef, Germany, June 9-12, 1997 : proceedings /
|c Dov M. Gabbay [and others] (eds.).
|
| 246 |
3 |
0 |
|a ECSQARU-FAPR '97
|
| 264 |
|
1 |
|a Berlin ;
|a New York :
|b Springer,
|c [1997]
|
| 264 |
|
4 |
|c ©1997
|
| 300 |
|
|
|a 1 online resource (x, 620 pages) :
|b illustrations
|
| 336 |
|
|
|a text
|b txt
|2 rdacontent
|
| 337 |
|
|
|a computer
|b c
|2 rdamedia
|
| 338 |
|
|
|a online resource
|b cr
|2 rdacarrier
|
| 490 |
1 |
|
|a Lecture notes in computer science ;
|v 1244.
|a Lecture notes in artificial intelligence
|
| 504 |
|
|
|a Includes bibliographical references and index.
|
| 505 |
0 |
|
|a Multisensor Data Fusion in Situation Assessment Processes / Alain Appriou -- Dependency Mining in Relational Databases / Siegfried Bell -- Syntactic Combination of Uncertain Information: A Possibilistic Approach / Salem Benferhat, Didier Dubois and Henri Prade -- A Coherence-Based Approach to Default Reasoning / Salem Benferhat and Laurent Garcia -- A Syntactical Approach to Data Fusion / Paolo Bison, Gaetano Chemello and Claudio Sossai [and others] -- Some Experimental Results on Learning Probabilistic and Possibilistic Networks with Different Evaluation Measures / Christian Borgelt and Rudolf Kruse -- Information Fusion in Logic: A Brief Overview / Laurence Cholvy and Anthony Hunter -- Focusing vs. Belief Revision: A Fundamental Distinction When Dealing with Generic Knowledge / Didier Dubois and Henri Prade -- Background and Perspectives of Possibilistic Graphical Models / Jorg Gebhardt and Rudolf Kruse.
|
| 500 |
|
|
|a Electronic resource.
|
| 650 |
|
0 |
|a Qualitative reasoning
|v Congresses.
|
| 650 |
|
0 |
|a Problem solving
|v Congresses.
|
| 650 |
|
4 |
|a raisonnement base connaissance.
|
| 650 |
|
4 |
|a logique floue.
|
| 650 |
|
4 |
|a logique modale.
|
| 650 |
|
4 |
|a raisonnement non monotone.
|
| 650 |
|
4 |
|a raisonnement probabiliste.
|
| 650 |
|
4 |
|a base connaissance.
|
| 650 |
|
4 |
|a raisonnement qualitatif.
|
| 650 |
|
6 |
|a Raisonnement qualitatif
|v Congrès.
|
| 650 |
|
6 |
|a Résolution de problème
|v Congrès.
|
| 650 |
|
7 |
|a Problem solving.
|2 fast
|0 (OCoLC)fst01077890
|
| 650 |
|
7 |
|a Qualitative reasoning.
|2 fast
|0 (OCoLC)fst01084939
|
| 650 |
1 |
7 |
|a Redeneren.
|2 gtt
|
| 650 |
1 |
7 |
|a Kunstmatige intelligentie.
|2 gtt
|
| 650 |
|
7 |
|a Inteligencia Artificial (Computacao)
|2 larpcal
|
| 650 |
|
7 |
|a Raisonnement
|x Congrès.
|2 ram
|
| 650 |
|
7 |
|a Incertitude (théorie de l'information)
|x Congrès.
|2 ram
|
| 650 |
0 |
7 |
|a Default-Logik.
|2 swd
|
| 650 |
0 |
7 |
|a Kongress.
|2 swd
|
| 650 |
0 |
7 |
|a Künstliche Intelligenz.
|2 swd
|
| 650 |
0 |
7 |
|a Logischer Schluss.
|2 swd
|
| 650 |
0 |
7 |
|a Qualitatives Schliessen.
|2 swd
|
| 655 |
|
7 |
|a Electronic books.
|2 local
|
| 655 |
|
7 |
|a Conference proceedings.
|2 fast
|0 (OCoLC)fst01423772
|
| 655 |
|
7 |
|a Honnef (1997)
|2 swd
|
| 700 |
1 |
|
|a Gabbay, Dov M.,
|d 1945-
|
| 710 |
2 |
|
|a SpringerLink (Online service)
|
| 830 |
|
0 |
|a Lecture notes in computer science ;
|v 1244.
|
| 830 |
|
0 |
|a Lecture notes in computer science.
|p Lecture notes in artificial intelligence.
|
| 856 |
4 |
0 |
|u http://proxy.library.tamu.edu/login?url=http://link.springer.com/10.1007/BFb0035607
|z Connect to the full text of this electronic book
|t 0
|
| 994 |
|
|
|a 92
|b TXA
|
| 999 |
|
|
|a MARS
|
| 999 |
f |
f |
|s 30052afc-4f4c-3713-a3c5-6612d3570fc1
|i 6d3af0ff-aec0-3c80-8ee4-df584f2f31ec
|t 0
|
| 952 |
f |
f |
|p ric
|a Texas A&M University
|b Rellis Campus
|c Joint Library Facility
|d Remote Storage
|t 0
|e Q339.25 .I58 1997
|h Library of Congress classification
|i computer -- online resource
|m A14821296312
|
| 998 |
f |
f |
|a Q339.25 .I58 1997
|t 0
|l Remote Storage
|